000 00704cab a2200229 4500
001 WB3004-31
008 090401t1994 xxu||||| |||| 00| 0 eng d
035 _a(Sirsi) u58553
041 _aeng
245 _aLondon homes capacity
260 _c1994
350 _a0
490 _aPlanning (for the Natural and Built Environment)
_v(1052) 21 January 1994, 3(1)
520 _aLondon can absorb 234 000 new homes for the period to 2006; less than the figure implied in the draft regional planning guidance for the South East.
650 _aHOUSE BUILDING
650 _aLONDON
650 _aLPAC
690 _aHOUSING
690 _aPLANNING LAW AND PRACTICE
942 _n0
948 _c04/03/1997
999 _c35773
_d35773